Visiones sobre el México finisecular: conversación inédita con Cornelius Castoriades y la comunidad universitaria Iteso, Guadalajara, México /
El presente texto constituye una verdadera novedad intelectual. Recoge parte de una conversación sostenida entre el célebre filósofo Cornelius Castoriadis, poco antes de morir, y la comunidad universitaria del Iteso, con sede en Guadalajara, México. En este diálogo el autor francés discurre sobre to...
Guardado en:
| Autor principal: | |
|---|---|
| Formato: | Texto |
| Materias: | |
| Etiquetas: |
Agregar Etiqueta
Sin Etiquetas, Sea el primero en etiquetar este registro!
|
MARC
| LEADER | 00000 a a2200000 04500 | ||
|---|---|---|---|
| 001 | 9628 | ||
| 003 | |||
| 040 | |||
| 100 | |a Castoriadis, Cornelius | ||
| 245 | |a Visiones sobre el México finisecular: |b conversación inédita con Cornelius Castoriades y la comunidad universitaria Iteso, Guadalajara, México / |c Cornelius Castoriadis | ||
| 520 | |a El presente texto constituye una verdadera novedad intelectual. Recoge parte de una conversación sostenida entre el célebre filósofo Cornelius Castoriadis, poco antes de morir, y la comunidad universitaria del Iteso, con sede en Guadalajara, México. En este diálogo el autor francés discurre sobre todo acerca del presente mexicano, lo cual le confiere un valor adicional a nuestro contexto. REV/WMV | ||
| 650 | |a FILOSOFIA | ||
| 650 | |a MODERNIZACION | ||
| 650 | |a LIBERALISMO | ||
| 650 | |a SOCIALISMO | ||
| 650 | |a GUERRA | ||
| 650 | |a CONFLICTOS | ||
| 650 | |a GUERRILLEROS | ||
| 650 | |a DEMOCRACIA | ||
| 650 | |a ELECCIONES | ||
| 773 | |g volumen 5, número 18; páginas 11-21 | ||
| 999 | |c 21417 |d 21417 | ||
